000 00849nmm a2200265 a 4500
001 ocm000714344
003 TR-IsHL
005 20201028152438.0
008 150709s1997 tu tur
007 cr cn
035 _a714344
_b(N$T)
050 0 4 _aBP50
_b.C34 1997
090 0 4 _aBP50
_b.C34 1997
100 1 _aÇağatay, Neşet
245 1 0 _aSorularla İslam dini ve İslam tarihi
_h[electronic resource] /
_cNeşet Çağatay
250 _a2. bs.
260 _aAnkara :
_bGündogan Yayınları,
_c1997
300 _a392 p.
650 4 _aFelsefe, Psikoloji ve Din
650 4 _aPhilosophy, Psychology and Religion
650 0 _aİslam
_x Tarih
650 0 _aIslam
_x History
650 7 _aRELIGION / Islam / History
_2bisacsh
856 4 0 _uhttp://search.ebscohost.com/login.aspx?direct=true&scope=site&db=e011xww&AN=714344
999 _c11530
_d11530